| 000 | 01023nab a2200265 u 4500 | ||
|---|---|---|---|
| 001 | 09528 | ||
| 003 | HDC | ||
| 007 | cr bn ---aaaaa | ||
| 008 | 210202c mydr|nes 0 a may d | ||
| 040 | _aHDC | ||
| 100 |
_aMohd Azri Affendy Abdul Samat _eauthor _99827 |
||
| 245 | 0 |
_aCendol jana RM120,000 / _cby Mohd Azri Affendy Abdul Samat |
|
| 260 |
_aKuala Lumpur : _bBerita Harian, _c2012 |
||
| 300 | _a1 online resource | ||
| 336 |
_atext _2rdacontent |
||
| 337 |
_acomputer _2rdamedia |
||
| 338 |
_aonline resource _2rdacarrier |
||
| 650 |
_aBusiness industry _96119 |
||
| 650 |
_aFood industry _9536 |
||
| 856 | _zRequest full-text at [email protected] | ||
| 856 | _zRequest full-text at [email protected] | ||
| 942 | _2lcc | ||
| 942 | _cNEWS | ||
| 942 | _kNWSC 000090 | ||
| 999 |
_c6851 _d6851 |
||